| 000 | 00323nam a2200157Ia 4500 | ||
|---|---|---|---|
| 008 | 240510s9999 xx 000 0 und d | ||
| 041 | _asih | ||
| 082 | _a891.483 | ||
| 082 | _bL15 | ||
| 100 | _aLANAROL, V.D. De | ||
| 245 | 0 | _aVaneesiye Velenda | |
| 260 | _c1985 | ||
| 300 | _a64 p. | ||
| 942 | _2ddc | ||
| 942 | _cLBK | ||
| 999 |
_c28371 _d28371 |
||
| 945 |
_a1 _bMadushi Gamage _c1 _dMadushi Gamage |
||